Regiones en transición : (Record no. 82303)

MARC details
000 -CABECERA
campo de control de longitud fija 00803nam a22002053a 4500
005 - FECHA Y HORA DE LA ÚLTIMA TRANSACCIÓN
campo de control 20240924065347.0
008 - ELEMENTOS DE LONGITUD FIJA--INFORMACIÓN GENERAL
campo de control de longitud fija 010615s1997 ea r 000 0 spa d
035 ## - NÚMERO DE CONTROL DEL SISTEMA
Número de control de sistema UPN01000108391
049 ## - COLECCIÓN
Colección F
050 #4 - SIGNATURA TOPOGRÁFICA DE LA BIBLIOTECA DEL CONGRESO
Número de clasificación LB2305
Número de documento/Ítem E5.7 no.6
245 00 - MENCIÓN DE TÍTULO
Título Regiones en transición :
Resto del título educación superior en la frontera México-Estados Unidos /
Mención de responsabilidad, etc. Beatriz Calvo Pontón ... [et al.].
260 ## - PUBLICACIÓN, DISTRIBUCIÓN, ETC.
Lugar de publicación, distribución, etc. Boulder [E.U.A.] :
Nombre del editor, distribuidor, etc. WICHE :
-- CONAHEC,
Fecha de publicación, distribución, etc. 1997.
300 ## - DESCRIPCIÓN FÍSICA
Extensión 44 p.
440 #0 - MENCIÓN DE SERIE/ASIENTO SECUNDARIO--TÍTULO
Título Entendiendo las diferencias
Nombre de parte o sección de la obra Cuaderno de trabajo ;
Designación de volumen o secuencia 6
500 ## - NOTA GENERAL
Nota general "Serie sobre la educación superior en México, Canadá y los Estados Unidos"
650 #7 - ASIENTO SECUNDARIO DE MATERIA - TERMINO TEMATICO
Término de materia o nombre geográfico como elemento de entrada Educación superior
Subdivisión geográfica Estados Unidos
Fuente del encabezamiento o término
9 (RLIN) 15203
650 #4 - ASIENTO SECUNDARIO DE MATERIA - TERMINO TEMATICO
Término de materia o nombre geográfico como elemento de entrada Educación superior
Subdivisión geográfica México
9 (RLIN) 4968
700 1# - ASIENTO SECUNDARIO--NOMBRE DE PERSONAL
Nombre de persona Calvo Pontón, Beatriz Estela,
Término indicativo de función/relación coaut.
9 (RLIN) 36571
905 ## - TIPO DE MATERIAL
Tipo de material Libro
Holdings
Estado de retiro Estado de pérdida Fuente del sistema de clasificación o colocación Estado dañado No para préstamo Código de colección Localización permanente Ubicación/localización actual Ubicación en estantería Total de préstamos Clasificación Código de barras Fecha visto por última vez Número de copia Tipo de ítem Koha
    Library of Congress Classification   Folletos Folletería Bib. Gregorio Torres Quintero Bib. Gregorio Torres Quintero Folletos   LB2305 E5.7 no.6 173517 31/12/2020 1 Libro